Österreichische Fußballspieler mit dem höchsten Marktwert - Statistiken

Allgemein
  • Dieses Quiz wurde 264 mal gespielt
  • Das Durchschnittsergebnis liegt bei 6 aus 12
Antwortstatistiken
Transfermarkt Antwort % Korrekt
40 mio David Alaba
95%
20 mio Marcel Sabitzer
87%
28 mio Konrad Laimer
75%
24 mio Christoph Baumgartner
65%
22 mio Xaver Schlager
61%
22 mio Kevin Danso
49%
20 mio Nicolas Seiwald
43%
20 mio Phillipp Lienhart
37%
18 mio Patrick Wimmer
31%
14 mio Stefan Posch
31%
14 mio Maximilian Wöber
22%
12 mio Sasa Kalajdzic
22%
Keine übereinstimmenden Quizze gefunden
Verteilung der Resultate
Anzahl Personen mit jedem Resultat
Perzentil nach korrekt beantworteten Fragen
Ihre Resultats-Entwicklung
Sie haben dieses Quiz noch nicht gespielt